[Event "Sunway Sitges Open 2017"]
[Site "Sitges ESP"]
[Date "2017.12.20"]
[Round "6.26"]
[White "Garcia Martin, Marta"]
[Black "Das, Arghyadip"]
[Result "1/2-1/2"]
[WhiteTitle "FM"]
[BlackTitle "IM"]
[WhiteElo "2316"]
[BlackElo "2451"]
[WhiteFideId "32084030"]
[BlackFideId "5003610"]
[EventDate "2017.12.15"]

1. e4 Nc6 2. Nf3 d6 3. d4 Nf6 4. Nc3 g6 5. d5 Nb8 6. h3 Bg7 7. Bc4 c6 8. a4 Qc7
9. O-O O-O 10. Qe2 Nbd7 11. Bf4 Nh5 12. Bh2 Bxc3 13. bxc3 Ne5 14. Nxe5 dxe5 15.
dxc6 bxc6 16. a5 Nf4 17. Bxf4 exf4 18. e5 Be6 19. Bxe6 fxe6 20. Qc4 Qxe5 21.
Rfe1 Qd5 22. Qxd5 cxd5 23. Rxe6 Kf7 24. Rae1 Rfe8 25. c4 dxc4 1/2-1/2

[Event "Sunway Sitges Open 2017"]
[Site "Sitges ESP"]
[Date "2017.12.20"]
[Round "6.27"]
[White "Cruz, Jonathan"]
[Black "Kholopov, Alexander A."]
[Result "1-0"]
[WhiteTitle "IM"]
[BlackTitle "FM"]
[WhiteElo "2432"]
[BlackElo "2292"]
[WhiteFideId "3802124"]
[BlackFideId "4148100"]
[EventDate "2017.12.15"]

1. e4 c5 2. Nf3 Nc6 3. Bc4 e6 4. O-O Nf6 5. Re1 a6 6. e5 d5 7. Bf1 Ng4 8. c3 d4
9. h3 Nh6 10. Bd3 Nf5 11. Be4 Nfe7 12. Na3 b5 13. cxd4 cxd4 14. d3 Bb7 15. Nc2
Rb8 16. Ng5 h6 17. Nf3 Ng6 18. b3 Bc5 19. Bb2 O-O 20. Rc1 Qb6 21. a3 a5 22. Qd2
Rfd8 23. h4 b4 24. a4 Nge7 25. Nh2 Nd5 26. Ng4 Bf8 27. Bxd5 Rxd5 28. Qf4 Rbd8
29. Re4 R5d7 30. Qg3 Kh8 31. Rf4 Ne7 32. Bxd4 Rxd4 33. Nxd4 Rxd4 34. Rxf7 Rd8
35. Nxh6 gxh6 36. Qf4 Nf5 37. Rcc7 Bg7 38. Rxg7 Qd4 39. Rgf7 1-0

[Event "Sunway Sitges Open 2017"]
[Site "Sitges ESP"]
[Date "2017.12.20"]
[Round "6.28"]
[White "Hejazipour, Mitra"]
[Black "Starostits, Ilmars"]
[Result "0-1"]
[WhiteTitle "WGM"]
[BlackTitle "GM"]
[WhiteElo "2317"]
[BlackElo "2427"]
[WhiteFideId "12505951"]
[BlackFideId "11600748"]
[EventDate "2017.12.15"]

1. d4 c5 2. d5 f5 3. g3 Nf6 4. Bg2 g6 5. Nh3 Bg7 6. O-O d6 7. Nf4 Na6 8. c4 O-O
9. Nc3 Nc7 10. Qc2 Qe8 11. a4 g5 12. Nh3 h6 13. f4 g4 14. Nf2 Qg6 15. Nb5 Nce8
16. Rb1 h5 17. Bd2 h4 18. Rfe1 Nh5 19. Qd3 a6 20. Na3 Nef6 21. a5 hxg3 22. hxg3
e5 23. dxe6 Bxe6 24. Nc2 Rad8 25. Bd5 Bxd5 26. cxd5 c4 27. Qa3 Nxd5 28. e4 fxe4
29. Rxe4 Ndxf4 30. Bxf4 Nxf4 31. Qe3 Nh3+ 32. Nxh3 Rf3 33. Qb6 Rxg3+ 34. Kf2
Rf3+ 35. Kg2 0-1

[Event "Sunway Sitges Open 2017"]
[Site "Sitges ESP"]
[Date "2017.12.20"]
[Round "6.29"]
[White "Krishna, C R G"]
[Black "Miroshnichenko, Pavel"]
[Result "1-0"]
[WhiteTitle "IM"]
[BlackTitle "FM"]
[WhiteElo "2421"]
[BlackElo "2287"]
[WhiteFideId "5018625"]
[BlackFideId "4188659"]
[EventDate "2017.12.15"]

1. Nf3 Nf6 2. c4 b6 3. g3 Bb7 4. Bg2 c5 5. O-O g6 6. Nc3 Bg7 7. Re1 Ne4 8. Qc2
Nxc3 9. dxc3 d6 10. Bg5 Nd7 11. Rad1 h6 12. Bf4 O-O 13. h4 Nf6 14. e4 Qc8 15. e5
dxe5 16. Bxe5 Bc6 17. Qe2 Qb7 18. b4 Rad8 19. b5 Rxd1 20. Rxd1 Be4 21. Re1 Bxf3
22. Bxf3 Qc8 23. Bf4 Rd8 24. Qc2 e6 25. a4 a5 26. Qc1 Kh7 27. Qe3 e5 28. Bxe5
Re8 29. Qd2 Qf5 30. Bxf6 Rxe1+ 31. Qxe1 Qxf6 32. Bd5 Qxc3 33. Qe8 Qe5 34. Qxf7
h5 35. Kg2 Qf6 36. Qe8 Kh6 37. Bf7 Qd6 38. Qc6 Qf6 39. Be8 Kh7 40. Qe4 Kh6 41.
Qc6 Kh7 42. Qxf6 Bxf6 43. f4 Kg7 44. Kf3 Bc3 45. Ke4 Be1 46. Kd5 Bxg3 47. Kc6
Bxh4 48. Kxb6 Bg3 49. Kxa5 Bxf4 50. Kb6 h4 51. a5 g5 52. Bd7 1-0

[Event "Sunway Sitges Open 2017"]
[Site "Sitges ESP"]
[Date "2017.12.20"]
[Round "6.30"]
[White "Lopez Mulet, Inigo"]
[Black "Raja, Harshit"]
[Result "0-1"]
[WhiteTitle "FM"]
[BlackTitle "IM"]
[WhiteElo "2304"]
[BlackElo "2420"]
[WhiteFideId "22235620"]
[BlackFideId "5089000"]
[EventDate "2017.12.15"]

1. e4 c5 2. Nf3 d6 3. d4 cxd4 4. Nxd4 Nf6 5. Nc3 a6 6. f3 e5 7. Nb3 Be6 8. Be3
Be7 9. Qd2 O-O 10. O-O-O Nbd7 11. g4 b5 12. g5 Nh5 13. Nd5 Bxd5 14. exd5 f5 15.
gxf6 Rxf6 16. Rg1 Qe8 17. Bd3 Nf4 18. Be4 Bd8 19. Bxf4 exf4 20. Qg2 g6 21. h4
Bb6 22. h5 Bxg1 23. Rxg1 Nf8 24. hxg6 hxg6 25. Nd4 Ra7 26. Nc6 Rh7 27. Qg5 Kg7
28. Qg4 Qd7 29. Qg2 Qh3 30. Qf2 Qh2 31. Qd4 Qe2 32. Ne7 Kf7 33. Nxg6 Nxg6 34.
Qa7+ Kg8 35. Qb8+ Kg7 36. Qc7+ Kh8 37. Qc3 Qe3+ 38. Qxe3 fxe3 39. Bxg6 Rxg6 0-1

[Event "Sunway Sitges Open 2017"]
[Site "Sitges ESP"]
[Date "2017.12.20"]
[Round "6.31"]
[White "Seyb, Alexander"]
[Black "Kumar, Nikhil"]
[Result "0-1"]
[WhiteTitle "IM"]
[BlackTitle "FM"]
[WhiteElo "2411"]
[BlackElo "2271"]
[WhiteFideId "4699033"]
[BlackFideId "30909040"]
[EventDate "2017.12.15"]

1. e4 c6 2. d4 d5 3. e5 c5 4. dxc5 e6 5. a3 Bxc5 6. Nf3 f6 7. b4 Be7 8. Bb2 a5
9. b5 Nd7 10. c4 Nxe5 11. Nxe5 fxe5 12. Bxe5 Nf6 13. Nc3 O-O 14. Be2 b6 15. cxd5
exd5 16. O-O Be6 17. Bf3 Kh8 18. Re1 Rc8 19. Ne2 Bc5 20. Nd4 Bd7 21. Qd3 Qe7 22.
Bg3 Qf7 23. Nb3 Ne4 24. Nxc5 Rxc5 25. a4 Rc3 26. Qd4 Rxf3 27. gxf3 Ng5 28. Ra3
Nxf3+ 29. Rxf3 Qxf3 30. Re7 Rf7 31. Rxf7 Qxf7 32. Qxb6 h6 33. Qc7 Qf5 34. b6 Bc8
35. h4 d4 36. Qf4 Qh3 37. Qxd4 Bb7 38. Qd8+ Kh7 39. Qd3+ g6 0-1

[Event "Sunway Sitges Open 2017"]
[Site "Sitges ESP"]
[Date "2017.12.20"]
[Round "6.32"]
[White "Khademalsharieh, Sarasadat"]
[Black "Dardha, Arben"]
[Result "1-0"]
[WhiteTitle "IM"]
[BlackTitle "FM"]
[WhiteElo "2406"]
[BlackElo "2279"]
[WhiteFideId "12512214"]
[BlackFideId "4700481"]
[EventDate "2017.12.15"]

1. d4 Nf6 2. c4 e6 3. Nf3 d5 4. Nc3 c5 5. cxd5 Nxd5 6. e3 cxd4 7. exd4 Nxc3 8.
bxc3 Qc7 9. Bd2 Bd6 10. Bd3 Nd7 11. O-O Nf6 12. Re1 O-O 13. Ne5 b6 14. Qf3 Bb7
15. Qh3 g6 16. Rac1 Nd7 17. Bh6 Rfe8 18. Bb5 Bxe5 19. dxe5 a6 20. Bxd7 Qxd7 21.
Bg5 Qc6 22. Rcd1 Rac8 23. Bf6 Rc7 24. c4 h5 25. Rd4 Rd7 26. Rg4 Kh7 27. Rg5 Kh6
28. Qg3 Rg8 29. Rxh5+ gxh5 30. Qxg8 Qxg2+ 31. Qxg2 Bxg2 32. Kxg2 Rd2 33. Rb1
Rxa2 34. Rxb6 Rc2 35. Rxa6 Rxc4 36. Ra8 Rc2 37. Rh8+ Kg6 38. Rg8+ Kh6 39. h4 Ra2
40. Rh8+ Kg6 41. Bg5 Kf5 42. Rh7 1-0

[Event "Sunway Sitges Open 2017"]
[Site "Sitges ESP"]
[Date "2017.12.20"]
[Round "6.33"]
[White "Mehar, Chinna Reddy C.H."]
[Black "Raghunandan, Kaumandur Srihari"]
[Result "1/2-1/2"]
[WhiteTitle "FM"]
[BlackTitle "IM"]
[WhiteElo "2287"]
[BlackElo "2404"]
[WhiteFideId "5027420"]
[BlackFideId "25004964"]
[EventDate "2017.12.15"]

1. Nf3 Nf6 2. g3 g6 3. Bg2 Bg7 4. O-O O-O 5. d4 d6 6. a4 Na6 7. Nc3 d5 8. h3 Bf5
9. g4 Be6 10. Bf4 h5 11. g5 Ne4 12. Ne5 Qc8 13. Kh2 c5 14. e3 Rd8 15. Nxe4 dxe4
16. c3 Bd5 17. Qb1 cxd4 18. cxd4 Qf5 19. h4 Bxe5 20. Bxe5 Nb4 21. Bg3 Qe6 22.
Rc1 f5 23. gxf6 exf6 24. Bh3 f5 25. Rc7 Rac8 26. Qg1 Nd3 27. Ra3 Rxc7 28. Bxc7
Rc8 29. Rc3 Nxb2 30. Qg5 Kh7 31. Ba5 Nc4 32. Bb4 a5 33. Rxc4 Bxc4 34. Be7 Kg7
35. Ba3 Bd5 36. Qf4 Rc6 37. Bf1 Bc4 38. Bxc4 Rxc4 39. Qb8 Qc8 40. Qe5+ Kg8 41.
d5 Rc2 42. Qf6 Qc7+ 43. Bd6 Qg7 44. Qd8+ Kh7 45. Qe8 Qb2 46. Be5 Rxf2+ 47. Kg1
Qc1+ 48. Kxf2 Qd2+ 49. Kf1 Qd1+ 50. Kg2 Qe2+ 51. Kh1 1/2-1/2

[Event "Sunway Sitges Open 2017"]
[Site "Sitges ESP"]
[Date "2017.12.21"]
[Round "7.1"]
[White "Dann, Matthias"]
[Black "Melkumyan, Hrant"]
[Result "1/2-1/2"]
[WhiteTitle "IM"]
[BlackTitle "GM"]
[WhiteElo "2517"]
[BlackElo "2633"]
[WhiteFideId "24638056"]
[BlackFideId "13302485"]
[EventDate "2017.12.15"]

1. d4 Nf6 2. c4 g6 3. Nc3 d5 4. cxd5 Nxd5 5. Bd2 Bg7 6. e4 Nb6 7. Be3 O-O 8. h3
e5 9. d5 c6 10. Qb3 cxd5 11. exd5 e4 12. Nge2 Na6 13. Rd1 Bd7 14. Nd4 Nc5 15.
Qb4 Nca4 16. Ndb5 Bxb5 17. Bxb5 Nxc3 18. bxc3 Rc8 19. O-O Bxc3 20. Qxe4 a6 21.
Be2 Re8 22. Qb1 Rxe3 23. fxe3 Qd6 24. Rc1 Rc7 25. Qb3 Be5 26. Rxc7 Qxc7 27. Rb1
Nc8 28. Qxb7 Qc5 29. Qb3 a5 30. d6 Nxd6 31. Qb6 Qc2 32. Bf3 a4 33. Rd1 Nf5 34.
Qd8+ Kg7 35. Qd2 Qc7 36. Be4 Nd6 37. Qd5 Qc3 38. Qd3 1/2-1/2

[Event "Sunway Sitges Open 2017"]
[Site "Sitges ESP"]
[Date "2017.12.21"]
[Round "7.2"]
[White "Liang, Awonder"]
[Black "Hambleton, Aman"]
[Result "1/2-1/2"]
[WhiteTitle "GM"]
[BlackTitle "IM"]
[WhiteElo "2573"]
[BlackElo "2474"]
[WhiteFideId "2056437"]
[BlackFideId "2606577"]
[EventDate "2017.12.15"]

1. e4 e5 2. Nf3 Nf6 3. Nc3 Nc6 4. Bb5 Nd4 5. O-O Nxb5 6. Nxb5 c6 7. Nc3 d6 8. d4
Qc7 9. h3 Be7 10. Bg5 O-O 11. Qd3 h6 12. Bh4 Nh5 13. Bxe7 Qxe7 14. Rad1 Nf4 15.
Qe3 Qf6 16. Ne2 Nxe2+ 17. Qxe2 Re8 18. dxe5 dxe5 19. Rd2 Be6 20. Rfd1 Rad8 21.
b3 Rxd2 22. Rxd2 a6 23. Qd3 Bc8 24. Nh2 Qe7 25. Nf1 Qc5 26. Ne3 Be6 27. c3 a5
28. Qc2 g6 29. Qb2 Kg7 30. a3 Qb6 31. c4 f6 32. Qc3 Rd8 33. c5 Qc7 34. b4 axb4
35. Qxb4 Rxd2 36. Qxd2 Qe7 37. Qb2 g5 38. Qb6 h5 39. Qa7 h4 40. a4 Kg6 41. Qb6
Qd7 42. Qb4 Qd4 43. Qxb7 Qxc5 44. Qa8 Qc1+ 45. Kh2 Qd2 46. Qe8+ Bf7 47. Qxc6
Qxf2 48. Nf5 Qf4+ 49. Kg1 Qd2 50. Kh1 g4 51. hxg4 h3 52. gxh3 Qe1+ 53. Kg2 Qe2+
54. Kg3 Qe1+ 55. Kf3 Qf1+ 56. Ke3 Qe1+ 57. Kd3 Qd1+ 58. Kc3 Qe1+ 59. Kc2 Qe2+
60. Kb1 Qe1+ 61. Kc2 Qe2+ 62. Kc1 Qe1+ 63. Kc2 1/2-1/2

[Event "Sunway Sitges Open 2017"]
[Site "Sitges ESP"]
[Date "2017.12.21"]
[Round "7.3"]
[White "Motylev, Alexander"]
[Black "Aravindh, Chithambaram VR."]
[Result "0-1"]
[WhiteTitle "GM"]
[BlackTitle "GM"]
[WhiteElo "2675"]
[BlackElo "2586"]
[WhiteFideId "4121830"]
[BlackFideId "5072786"]
[EventDate "2017.12.15"]

1. e4 c5 2. Nf3 e6 3. d4 cxd4 4. Nxd4 Nc6 5. Nc3 Qc7 6. Be3 a6 7. Qf3 b5 8. Qg3
Qxg3 9. hxg3 Bb7 10. Nxc6 Bxc6 11. f3 Bd6 12. g4 Bg3+ 13. Bf2 Be5 14. O-O-O Ne7
15. Ne2 f6 16. Nd4 Bb7 17. Nb3 Bc7 18. Kb1 h6 19. a3 Bc6 20. Nd4 Bb6 21. c4 bxc4
22. Bxc4 a5 23. Bg3 Bxd4 24. Rxd4 Ng6 25. Bd6 Ne5 26. Ba2 Nf7 27. Bc5 Rb8 28. b4
axb4 29. Bxb4 Ne5 30. Ka1 Ra8 31. Rc1 g5 32. Rd6 h5 33. gxh5 Rxh5 34. g3 Rh3 35.
f4 gxf4 36. Bxe6 Rxg3 37. Bxd7+ Bxd7 38. Rxf6 Raxa3+ 39. Bxa3 Rxa3+ 40. Kb2 Re3
41. Rh1 Ke7 42. Ra6 Nd3+ 43. Kb1 Re1+ 44. Rxe1 Nxe1 45. e5 f3 46. Rf6 Bg4 47.
Ka2 Nd3 48. Kb3 f2 49. Kc3 Be2 50. Kd4 0-1

[Event "Sunway Sitges Open 2017"]
[Site "Sitges ESP"]
[Date "2017.12.21"]
[Round "7.4"]
[White "Shankland, Samuel"]
[Black "Asis Gargatagli, Hipolito"]
[Result "1-0"]
[WhiteTitle "GM"]
[BlackTitle "IM"]
[WhiteElo "2662"]
[BlackElo "2531"]
[WhiteFideId "2004887"]
[BlackFideId "2260735"]
[EventDate "2017.12.15"]

1. e4 c5 2. Nf3 d6 3. d4 cxd4 4. Nxd4 Nf6 5. Nc3 a6 6. Bg5 Nbd7 7. Qe2 Qa5 8.
Bd2 g6 9. g3 Bg7 10. Bg2 O-O 11. O-O Qb6 12. Nb3 Ne5 13. Be3 Qc7 14. Bd4 Bg4 15.
f3 Be6 16. f4 Nc6 17. Bf2 Nb4 18. Qd2 Bc4 19. Rfc1 Ng4 20. Be1 e5 21. h3 Nf6 22.
f5 d5 23. a3 Nc6 24. Nxd5 Nxd5 25. exd5 Rfd8 26. f6 Bf8 27. Bf2 Rd7 28. Bc5 Qd8
29. Bxf8 Qxf8 30. Qf2 Bxd5 31. Rd1 Nd4 32. Nxd4 Bxg2 33. Ne6 Qc8 34. Qxg2 fxe6
35. Qf2 Kf7 36. c3 Qc7 37. Rxd7+ Qxd7 38. Qe3 Qd8 39. Qh6 Qg8 40. Rd1 Ke8 41.
Qe3 1-0

[Event "Sunway Sitges Open 2017"]
[Site "Sitges ESP"]
[Date "2017.12.21"]
[Round "7.5"]
[White "Salem, A.R. Saleh"]
[Black "Stella, Andrea"]
[Result "1-0"]
[WhiteTitle "GM"]
[BlackTitle "GM"]
[WhiteElo "2638"]
[BlackElo "2505"]
[WhiteFideId "9301348"]
[BlackFideId "827061"]
[EventDate "2017.12.15"]

1. d4 Nf6 2. c4 g6 3. g3 Bg7 4. Bg2 d5 5. cxd5 Nxd5 6. e4 Nb6 7. Ne2 c5 8. d5
O-O 9. O-O e6 10. Nec3 Na6 11. h4 exd5 12. exd5 Bf5 13. Bg5 Bf6 14. d6 Nb4 15.
Bxb7 Bxg5 16. hxg5 Rb8 17. Be4 Qxg5 18. a3 Na6 19. Nd2 Rfd8 20. Bxf5 Qxf5 21.
Nde4 Qe5 22. Re1 Kh8 23. Qe2 c4 24. Rad1 Nc5 25. Nxc5 Qxc5 26. Qe7 Rd7 27. Qf6+
Kg8 28. Re7 Qf5 29. Ne4 Rxe7 30. dxe7 Nd5 1-0

[Event "Sunway Sitges Open 2017"]
[Site "Sitges ESP"]
[Date "2017.12.21"]
[Round "7.7"]
[White "Santos Ruiz, Miguel"]
[Black "Kozul, Zdenko"]
[Result "0-1"]
[WhiteTitle "IM"]
[BlackTitle "GM"]
[WhiteElo "2509"]
[BlackElo "2607"]
[WhiteFideId "22291482"]
[BlackFideId "14502879"]
[EventDate "2017.12.15"]

1. e4 c5 2. Nf3 d6 3. Bb5+ Bd7 4. c4 Nf6 5. Nc3 e5 6. Bxd7+ Nfxd7 7. d3 Nc6 8.
a3 Be7 9. Rb1 a5 10. Nd5 a4 11. b4 axb3 12. Rxb3 b6 13. Qe2 h6 14. O-O O-O 15.
Be3 Ra6 16. Rfb1 Re8 17. Qb2 Nd4 18. Bxd4 cxd4 19. Ne1 Nc5 20. Rb5 Bg5 21. Nxb6
f5 22. exf5 e4 23. Qxd4 Bf6 24. Qd5+ Kh8 25. d4 Nd3 26. Nc2 Qc7 27. g3 Ra7 28.
a4 Bg5 29. Ne3 Qd8 30. Ng2 Qe7 31. h4 e3 32. fxe3 Bxe3+ 33. Kh2 Nf2 34. Re1 Ng4+
35. Kh1 Qf6 36. Nxe3 Nxe3 37. Qf3 Rae7 38. Qf4 Re4 39. Nd5 Nxd5 40. Rxe4 Nxf4
41. Rxe8+ Kh7 42. gxf4 Qxh4+ 43. Kg2 Qg4+ 44. Kf2 Qxf4+ 45. Ke2 Qxd4 46. Rbb8
Qxc4+ 47. Ke3 Qc5+ 48. Kf4 Qf2+ 49. Ke4 Qg2+ 50. Kd4 Qg4+ 51. Kd5 Qxf5+ 52. Kxd6
Qf4+ 53. Kd5 Qxa4 54. Rh8+ Kg6 55. Rbe8 Qb3+ 56. Kd4 Kh5 57. Re3 Qd1+ 58. Kc3
Qh1 59. Rhe8 g5 60. R8e5 Kh4 61. Kd2 g4 62. R5e4 Kg5 63. Re5+ Kf4 64. Re8 Qd5+
65. Ke2 h5 66. Kf2 h4 67. Rf8+ Kg5 68. Rfe8 g3+ 69. Kg1 Kf4 0-1

[Event "Sunway Sitges Open 2017"]
[Site "Sitges ESP"]
[Date "2017.12.21"]
[Round "7.8"]
[White "Sokolov, Ivan"]
[Black "Liu, Guanchu"]
[Result "1/2-1/2"]
[WhiteTitle "GM"]
[BlackTitle "IM"]
[WhiteElo "2589"]
[BlackElo "2462"]
[WhiteFideId "14400030"]
[BlackFideId "8603901"]
[EventDate "2017.12.15"]

1. d4 e6 2. c4 Nf6 3. Nf3 b6 4. g3 Ba6 5. b3 Bb4+ 6. Bd2 Be7 7. Bg2 c6 8. O-O d5
9. Ne5 Nfd7 10. Nxd7 Nxd7 11. Bc3 O-O 12. Nd2 f5 13. b4 dxc4 14. Bxc6 Rc8 15.
Bg2 Bb5 16. d5 Nf6 17. dxe6 Nd5 18. Nb1 Nxb4 19. Qc1 Nd5 20. Rd1 Nxc3 21. Nxc3
Qe8 22. a4 Bc6 23. Nd5 c3 24. Rd3 Bxd5 25. Bxd5 Rc5 26. Qc2 Qc8 27. Bb3 Kh8 28.
Rd7 Bf6 29. Rad1 Re8 30. Rxa7 h6 31. Rad7 b5 32. axb5 Rxb5 33. R7d5 Rxd5 34.
Bxd5 Rd8 35. Bb3 Rxd1+ 36. Qxd1 Qd8 37. Qc2 g6 38. g4 Qd4 39. h3 Qf4 40. Qd3
fxg4 41. Qxg6 Qc1+ 42. Kh2 Qf4+ 43. Kg2 gxh3+ 44. Kxh3 Qh4+ 45. Kg2 Qg5+ 46.
Qxg5 hxg5 47. Kf3 Kg7 48. Ke4 Be7 49. Kf5 Bd8 50. Bc2 1/2-1/2

[Event "Sunway Sitges Open 2017"]
[Site "Sitges ESP"]
[Date "2017.12.21"]
[Round "7.9"]
[White "Gascon Del Nogal, Jose Rafael"]
[Black "Petrov, Nikita"]
[Result "1/2-1/2"]
[WhiteTitle "IM"]
[BlackTitle "IM"]
[WhiteElo "2479"]
[BlackElo "2574"]
[WhiteFideId "3902463"]
[BlackFideId "4101286"]
[EventDate "2017.12.15"]

1. e4 e5 2. Nf3 Nc6 3. Bb5 a6 4. Ba4 Nf6 5. O-O Be7 6. d3 b5 7. Bb3 d6 8. a3 Na5
9. Ba2 c5 10. Nc3 Be6 11. Bg5 Nc6 12. Bxf6 Bxf6 13. Nd5 O-O 14. c3 g6 15. Ne1
Bg5 16. Nc2 Ne7 17. Nce3 Bxe3 18. Nf6+ Kg7 19. fxe3 Bxa2 20. Nd5 1/2-1/2

[Event "Sunway Sitges Open 2017"]
[Site "Sitges ESP"]
[Date "2017.12.21"]
[Round "7.10"]
[White "Peralta, Fernando"]
[Black "Manolache, Marius"]
[Result "0-1"]
[WhiteTitle "GM"]
[BlackTitle "GM"]
[WhiteElo "2556"]
[BlackElo "2495"]
[WhiteFideId "105309"]
[BlackFideId "1201530"]
[EventDate "2017.12.15"]

1. d4 Nf6 2. c4 g6 3. Nc3 Bg7 4. e4 d6 5. Nf3 O-O 6. Be2 c6 7. O-O a6 8. h3 b5
9. e5 Ne8 10. Bf4 Bf5 11. Re1 Ra7 12. Bf1 bxc4 13. Bxc4 d5 14. Bf1 Nc7 15. Rc1
h6 16. g4 Bd7 17. Bd3 c5 18. dxc5 Ne6 19. Be3 Rb7 20. Na4 d4 21. Bd2 Bc6 22. b4
Bd5 23. Nb6 Rxb6 24. cxb6 Nd7 25. Qe2 Nxb6 26. Be4 Qd7 27. a3 Qb5 28. Bxd5 Nxd5
29. Qe4 d3 30. a4 Qd7 31. Qxd3 Rd8 32. Qxa6 Ndf4 33. Bxf4 Nxf4 34. Rcd1 Nxh3+
35. Kh2 Qxg4 36. Rxd8+ Kh7 37. Qf1 Qxf3 38. Rd3 Qf4+ 39. Kxh3 Qxb4 40. Qe2 Qxa4
41. Qe4 Qa5 42. Kg2 0-1

[Event "Sunway Sitges Open 2017"]
[Site "Sitges ESP"]
[Date "2017.12.21"]
[Round "7.11"]
[White "Saduakassova, Dinara"]
[Black "Vasquez Schroeder, Rodrigo"]
[Result "1/2-1/2"]
[WhiteTitle "IM"]
[BlackTitle "GM"]
[WhiteElo "2460"]
[BlackElo "2547"]
[WhiteFideId "13700090"]
[BlackFideId "3400042"]
[EventDate "2017.12.15"]

1. d4 Nf6 2. c4 g6 3. g3 Bg7 4. Bg2 O-O 5. Nc3 d6 6. Nf3 Nc6 7. O-O e5 8. d5 Nb8
9. Ne1 a5 10. Nd3 Nfd7 11. e4 Na6 12. a3 Ndc5 13. Be3 f5 14. exf5 gxf5 15. f4
Nxd3 16. Qxd3 e4 17. Qc2 Nc5 18. Rfd1 Bd7 19. Nb5 a4 20. Bf1 Nb3 21. Rab1 b6 22.
Kh1 Be8 23. Be2 Bg6 24. Rg1 Qd7 25. g4 Kh8 26. Rg3 Rae8 27. Rbg1 Bf6 28. Bd1 Bh4
29. Rh3 Bf6 30. Rhg3 Bh4 31. gxf5 Rxf5 32. Bg4 Bxg3 33. Rxg3 Re7 34. Qg2 Ref7
35. Nc3 Qe7 36. Bxf5 Rxf5 37. Nxa4 b5 38. cxb5 Rxd5 39. Qc2 Rd3 40. f5 Qf7 41.
fxg6 Qf1+ 42. Bg1 Rxg3 43. hxg3 Qf3+ 44. Qg2 Qh5+ 45. Qh2 Qf3+ 46. Qg2 1/2-1/2

[Event "Sunway Sitges Open 2017"]
[Site "Sitges ESP"]
[Date "2017.12.21"]
[Round "7.12"]
[White "Bologan, Victor"]
[Black "Sai Agni Jeevitesh, J"]
[Result "1-0"]
[WhiteTitle "GM"]
[BlackTitle "FM"]
[WhiteElo "2607"]
[BlackElo "2384"]
[WhiteFideId "13900048"]
[BlackFideId "5070147"]
[EventDate "2017.12.15"]

1. e4 e6 2. d3 d5 3. Qe2 dxe4 4. dxe4 b6 5. Nf3 Ba6 6. c4 Nc6 7. Nc3 Nf6 8. Bd2
Be7 9. O-O-O O-O 10. e5 Nd7 11. h4 Nc5 12. Ng5 h6 13. Nge4 Qe8 14. Bxh6 gxh6 15.
Nf6+ Bxf6 16. exf6 Kh7 17. Qc2+ Kh8 18. Qd2 Kh7 19. Bd3+ Nxd3+ 20. Qxd3+ Kh8 21.
Qe3 Kh7 22. Qe4+ Kh8 23. Qf4 Kh7 24. Ne4 Rh8 25. Ng5+ hxg5 26. Qe4+ Kh6 27. Rd5
exd5 28. Qf5 1-0

[Event "Sunway Sitges Open 2017"]
[Site "Sitges ESP"]
[Date "2017.12.21"]
[Round "7.13"]
[White "Starostits, Ilmars"]
[Black "Zubov, Alexander"]
[Result "1/2-1/2"]
[WhiteTitle "GM"]
[BlackTitle "GM"]
[WhiteElo "2427"]
[BlackElo "2626"]
[WhiteFideId "11600748"]
[BlackFideId "14109409"]
[EventDate "2017.12.15"]

1. d4 d6 2. e4 Nf6 3. Nc3 g6 4. Nf3 Bg7 5. Be3 O-O 6. Qd2 c6 7. Bh6 Bg4 8. O-O-O
Qa5 9. Bxg7 Kxg7 10. Qf4 e5 11. Qg5 h6 12. Qe3 b5 13. Kb1 Be6 14. b3 Nbd7 15. h3
b4 16. Na4 d5 17. Nxe5 Nxe5 18. exd5 Qxd5 19. Qxe5 Qxe5 20. dxe5 Ne4 21. Re1
Nxf2 22. Rh2 f5 23. exf6+ Rxf6 24. g4 Bd5 25. Nc5 Raf8 26. g5 Rf5 27. gxh6+ Kxh6
28. Na6 Rf4 29. Bg2 R8f5 30. Bxd5 cxd5 31. Rf1 Kg7 32. Nxb4 Nxh3 33. Re1 Rxb4
34. Rxh3 Rb7 35. Re8 1/2-1/2

[Event "Sunway Sitges Open 2017"]
[Site "Sitges ESP"]
[Date "2017.12.21"]
[Round "7.14"]
[White "Can, Emre"]
[Black "Krishna, C R G"]
[Result "1/2-1/2"]
[WhiteTitle "GM"]
[BlackTitle "IM"]
[WhiteElo "2605"]
[BlackElo "2421"]
[WhiteFideId "6302181"]
[BlackFideId "5018625"]
[EventDate "2017.12.15"]

1. d4 d5 2. c4 c6 3. Nf3 Nf6 4. e3 Bf5 5. Nc3 a6 6. Ne5 Nbd7 7. Qb3 Qc7 8. cxd5
Nxe5 9. dxe5 Nxd5 10. Nxd5 cxd5 11. Bd2 Qxe5 12. Be2 Bd7 13. Qxb7 Rb8 14. Qa7 e6
15. Rc1 Bd6 16. Bc3 Qg5 17. O-O Ke7 18. Qxa6 Qh6 19. f4 Rhc8 20. g3 f6 21. Kh1
Qh3 22. Rfd1 Bc5 23. Qd3 Bb5 24. Qd2 Bxe2 25. Qxe2 Qf5 26. Qf3 Ba7 27. b3 Bc5
28. Bb2 Ra8 29. a3 Bb6 30. g4 Qe4 31. Qxe4 dxe4 32. Rxc8 Rxc8 33. Bd4 Rd8 34.
Rd2 Bxd4 35. Rxd4 Rxd4 36. exd4 Kd6 37. a4 Kd5 38. a5 Kxd4 39. a6 e3 40. Kg2 Kd3
41. a7 e2 42. a8=Q e1=Q 43. Qa6+ Kc2 44. Qc4+ Qc3 45. g5 fxg5 46. fxg5 e5 47. h4
g6 48. Qxc3+ Kxc3 49. Kf3 Kd3 50. Kf2 Kd2 51. Kf3 Kd3 1/2-1/2

[Event "Sunway Sitges Open 2017"]
[Site "Sitges ESP"]
[Date "2017.12.21"]
[Round "7.15"]
[White "Raja, Harshit"]
[Black "Agrest, Evgenij"]
[Result "1/2-1/2"]
[WhiteTitle "IM"]
[BlackTitle "GM"]
[WhiteElo "2420"]
[BlackElo "2600"]
[WhiteFideId "5089000"]
[BlackFideId "1705024"]
[EventDate "2017.12.15"]

1. e4 c6 2. Nc3 d5 3. Nf3 dxe4 4. Nxe4 Nf6 5. Qe2 Bf5 6. Nxf6+ gxf6 7. d3 Nd7 8.
g3 Ne5 9. Nxe5 Qa5+ 10. Bd2 Qxe5 11. Bc3 Qxe2+ 12. Bxe2 Bh6 13. Bf3 Rg8 14. Bd2
Bxd2+ 15. Kxd2 Be6 16. Be4 f5 17. Bg2 Bd5 18. Rhg1 Bxg2 19. Rxg2 O-O-O 20. Rgg1
Rd6 21. Rae1 Kd7 22. Ke3 Rh6 23. Rh1 Kd6 24. Kf3 Rg4 25. h3 Ra4 26. a3 e5 27.
Re2 Rd4 28. Rhe1 Re6 29. Ke3 c5 30. c3 Rd5 31. b4 b6 32. Rd2 Ke7 33. g4 Rh6 34.
gxf5 Rxh3+ 35. Ke4 Kd6 36. Rg1 Rh4+ 37. Ke3 Ke7 38. Rg8 Rd7 39. bxc5 bxc5 40.
Rc8 Kd6 41. Rb2 Rc7 42. Rxc7 Kxc7 43. Rb5 Kc6 44. c4 Rf4 45. Ra5 Kb6 46. Rb5+
Kc6 47. Ra5 Kb6 1/2-1/2